000
00325nam a2200145Ia 4500
100
_a
Garg/K Vijay/ Wilkes/J.E
942
_c
BK
654
_a
GSM
245
_a
Principles and applications of GSM
260
_b
Pearson Education
_a
Mumbai
_c
1999
082
_a
621.382/GAR
300
_a
479
546
_a
ENGLISH
999
_c
22974
_d
22974